Estaciones transformadoras y de distribución (Record no. 129703)

MARC details
000 -LEADER
campo de control de longitud fija 00611nam a2200181 i 4500
001 - NÚMERO DE CONTROL
campo de control 129703
003 - IDENTIFICADOR DE NÚMERO DE CONTROL
campo de control ES-MaACL
005 - FECHA Y HORA DE LA ÚLTIMA TRANSACCIÓN
campo de control 20230906193544.0
007 - CAMPO FIJO DE DESCRIPCIÓN FÍSICA--INFORMACIÓN GENERAL
campo de control de longitud fija t|
008 - DATOS DE LONGITUD FIJA--INFORMACIÓN GENERAL
campo de control de longitud fija 070703s1955 sp ||||1| spa d
100 1# - ENTRADA PRINCIPAL--NOMBRE DE PERSONA
Nombre de persona Zoppetti Judez, Gaudencio.
9 (RLIN) 118343
245 10 - MENCIÓN DEL TÍTULO
Título Estaciones transformadoras y de distribución
Resto del título : su estudio, montaje... /
Mención de responsabilidad, etc. Gaudencio Zoppetti Judez.
260 ## - PUBLICACIÓN, DISTRIBUCIÓN, ETC.
Lugar de publicación, distribución, etc. Barcelona :
Nombre del editor, distribuidor, etc. Gustavo Gili,
Fecha de publicación, distribución, etc. 1955.
300 ## - DESCRIPCIÓN FÍSICA
Extensión 561 p. ;
Dimensiones 27 cm.
500 ## - NOTA GENERAL
Nota general Es complemento de "Redes eléctricas" del mismo autor.
650 14 - PUNTO DE ACCESO ADICIONAL DE MATERIA--TÉRMINO DE MATERIA
Término de materia o nombre geográfico como elemento de entrada Centrales eléctricas.
9 (RLIN) 10882
852 ## - LOCALIZACIÓN
Ubicación ES-MaACL
Número de control de estantería C-10052
Sublocalización o colección R.38021
Holdings
Estatus retirado Estado de pérdida Estado de daño No para préstamo Biblioteca de origen Biblioteca actual Ubicación en estantería Fecha de adquisición Fuente de adquisición Total de préstamos Signatura topográfica completa Código de barras Visto por última vez Precio de reemplazo Tipo de ítem Koha
        Biblioteca del Ateneo de Madrid Biblioteca del Ateneo de Madrid Sala Palomar 17/01/2008     C-10052 1135058 23/02/2023 23/02/2023 Libro impreso